| 000 | 00468nam a2200181 a 4500 | ||
|---|---|---|---|
| 005 | 20230602063655.0 | ||
| 008 | 991125 2004 mx 000 0 spa u | ||
| 020 | _a9684112211 | ||
| 035 | _aUPN01000015024 | ||
| 049 | _aCG | ||
| 050 | 4 | _aPQ7104 G6.3 | |
| 100 | 1 | _aGonzález de Alba, Luis | |
| 245 | 1 | 4 |
_aLos días y los años / _cLuis González de Alba |
| 260 |
_aMéxico : _bEra, _c2004. |
||
| 300 | _a207 p. | ||
| 650 | 4 |
_aNovela mexicana _94557 |
|
| 905 | _aLibro | ||
| 999 |
_c15024 _d15024 |
||